000 00489nam a2200193Ia 4500
005 20240823010041.0
008 240823s9999||||xx |||||||||||||| ||und||
041 _aENGLISH
082 _A621.381 N8
100 _aChadha Prem R
245 0 _aQuestion Bank in Electronics and Communication Engineering
250 _a1st
260 _c1998
_b"Galgotia,New Delhi"
500 _aYES
650 _aElectronics
_bElectronics
700 _a Ashwani Kumar
942 _cBK
999 _c157489
_d157489